| 000 | 00438nam a22001697a 4500 | ||
|---|---|---|---|
| 003 | NUST - PNEC | ||
| 005 | 20170116181003.0 | ||
| 008 | 150912b xxu||||| |||| 00| 0 eng d | ||
| 020 | _a9780143418931 | ||
| 040 | _cLIBRARY | ||
| 082 | _a823.8 COP | ||
| 100 |
_99615 _aCopperfield, David |
||
| 245 |
_aClassic Charles Dickens 2 _cDavid Copperfield |
||
| 260 | _cc.2012 | ||
| 650 |
_99618 _aEnglish Literature _xGeneral |
||
| 942 |
_2ddc _cBK |
||
| 999 |
_c66774 _d66774 |
||